The Americas Geography by Letter - U - Statistics

General Stats
  • This quiz has been taken 332 times
    255 since last reset
  • The average score is 9 of 18
Answer Stats
Hint Answer % Correct
"The Mormon State" Utah
100%
South American country Uruguay
98%
Country that owns Montserrat and Falkland Islands United Kingdom
91%
Yale or McGill, for example University
90%
Film related theme park in Orlando {Universal} Studios
84%
George Washington statue locale in New York City {Union} Square
68%
The top half of Michigan Upper Peninsula
63%
National personification of the United States Uncle Sam
58%
Portion of New York state north of Metro New York City {Upstate} New York
50%
City in the region above named for a Phoenician colony Utica
48%
Manhattan neighborhood where Jerry Seinfeld lived Upper West Side
43%
Charlotte Amalie is their capital U.S. Virgin Islands
32%
Illinoisan city joined at the hip to Champaign Urbana
28%
Currency used in Ecuador U.S. Dollar
23%
Largest salt flat in the world Salar de {Uyuni}
16%
Major city in Minas Gerais, Brazil {Uber}lândia
15%
Colonial name of Bolivia Upper Peru
11%
Massachusetts town in Metro Boston / Town in West London Uxbridge
9%
No matching quizzes found
Score Distribution
Percent of People with Each Score
Percentile by Number Answered
Your Score History
You have not taken this quiz since the last reset